NFL Week 4 Fantasy Leaders 2025-2026 - Statistics

General Stats
  • This quiz has been taken 184 times
  • The average score is 10 of 20
Answer Stats
Position Points Player % Correct
QB 25.9 Josh Allen
81%
WR 36 Puka Nacua
80%
QB 27.3 Patrick Mahomes
66%
WR 26 Amon-Ra St. Brown
65%
QB 31 Dak Prescott
63%
RB 28.1 Bijan Robinson
62%
RB 26.1 Christian McCaffrey
61%
RB 31.7 Josh Jacobs
59%
WR 33.4 George Pickens
57%
QB 26.3 Jordan Love
55%
QB 27.4 Matthew Stafford
54%
RB 33.5 Ashton Jeanty
51%
QB 26.7 Bo Nix
37%
RB 25.5 Bucky Irving
37%
QB 27.1 Justin Fields
37%
RB 27.5 Omarion Hampton
36%
WR 29.8 Romeo Doubs
32%
RB 31.4 Kenneth Gainwell
21%
RB 27.9 Woody Marks
21%
RB 28.7 Justice Hill
20%
No matching quizzes found
Score Distribution
Percent of People with Each Score
Percentile by Number Answered
Your Score History
You have not taken this quiz